Statystyki dla Dopasuj flagę do państwa cz.2

Kliknij tutaj aby rozwiązać quiz!

Ogólne statystyki

  • Ten quiz został rozwiązany 107 razy
  • Średni wynik to 9 z 12

Statystyki odpowiedzi

Odpowiedź% Poprawnych
Islandia
94%
San Marino
94%
Urugwaj
94%
Iran
90%
Barbados
75%
Kirgistan
75%
Brunei
66%
Oman
66%
Lesoto
64%
Nikaragua
62%
Republika Środkowoafrykańska
54%
Timor Wschodni
53%

Rozkład punktacji

Percentyl według liczby udzielonych odpowiedzi

Procent ludzi z każdym wynikiem

Twoja historia wyników

Nie rozwiązałeś tego quizu